000 00357 a2200157 4500
001 72437
020 _a8502022334
040 _cAnchieta - Colégio São Paulo
100 _aLinsingen, Luana Von
240 1 0 _aA casa de Hans Kunst
_lpor
245 1 0 _aA casa de Hans Kunst
300 _a79
362 0 _a1997
650 4 _aLiteratura juvenil
942 _cBK
999 _c72437
_d72437